Sdílení platebních informací v nových segmentech trhu se stává důležitým standardem
Základom úspešného podnikania je správne posúdenie rizikovosti konkrétnych krokov. Finančné inštitúcie využívajú celý rad nástrojov, ktoré im umožnia efektívne posúdiť rizikovosť žiadateľov o úverové produkty, napr. prostredníctvom transakčnej histórie. Trendom je zvyšujúca sa komplexnosť informácií...
Salvato in:
| Autore principale: | |
|---|---|
| Natura: | Capitolo di libro |
| Lingua: | ceco |
| Soggetti: | |
| Tags: |
Nessun Tag, puoi essere il primo ad aggiungerne!!
|
MARC
| LEADER | 00000naa a2200000 4500 | ||
|---|---|---|---|
| 001 | 0249194 | ||
| 005 | 20221104110604.3 | ||
| 041 | 0 | |a cze | |
| 044 | |a CZ | ||
| 245 | 1 | 0 | |a Sdílení platebních informací v nových segmentech trhu se stává důležitým standardem |c Petr Kučera |
| 520 | |a Základom úspešného podnikania je správne posúdenie rizikovosti konkrétnych krokov. Finančné inštitúcie využívajú celý rad nástrojov, ktoré im umožnia efektívne posúdiť rizikovosť žiadateľov o úverové produkty, napr. prostredníctvom transakčnej histórie. Trendom je zvyšujúca sa komplexnosť informácií z interných a externých zdrojov a snaha o vytvorenie čo najširšej informačnej základne. Tieto „komplexné multisektorové registre“ sú výhodné pre obe strany, teda pre poskytovateľa úveru aj spotrebiteľa. Šírka a typy informačných zdrojov v registroch sa zatiaľ odlišujú. Predstavenie registra REPI: Register platebních informací v ČR. | ||
| 610 | 2 | 0 | |a segmentácia trhu |
| 610 | 2 | 0 | |a registre |
| 610 | 2 | 0 | |a zber dát |
| 610 | 2 | 0 | |a riziko |
| 610 | 2 | 0 | |a klienti |
| 610 | 2 | 0 | |a úver |
| 100 | 1 | |a Kučera, Petr | |